| 000 | 00489pab a2200193 454500 | ||
|---|---|---|---|
| 008 | 180718b2014 xxu||||| |||| 00| 0 eng d | ||
| 100 | _aSunil John J. | ||
| 245 | _aRight to food and urban poor in India: Hopes and concerns | ||
| 260 | _c2014 | ||
| 300 | _ap.1-12. | ||
| 362 | _aJan-Mar | ||
| 650 | _aFood supply - India | ||
| 650 | _aPoverty - India | ||
| 650 | _aRight to food - India | ||
| 650 | _aRight to food | ||
| 773 | _aSocial Action | ||
| 908 | _aN | ||
| 909 | _a102938 | ||
| 999 |
_c102936 _d102936 |
||